Nhận dạng hệ thống điều khiển

Wedi'i Gadw mewn:
Manylion Llyfryddiaeth
Prif Awdur: NGUYỄN DOÃN PHƯỚC
Fformat: Llyfr
Iaith:Undetermined
Cyhoeddwyd: H. KHKT 2001
Pynciau:
Tagiau: Ychwanegu Tag
Dim Tagiau, Byddwch y cyntaf i dagio'r cofnod hwn!
Thư viện lưu trữ: Trung tâm Học liệu Trường Đại học Cần Thơ
LEADER 00523nam a2200181Ia 4500
001 CTU_45360
008 210402s9999 xx 000 0 und d
082 |a 629.8 
082 |b Ph557 
100 |a NGUYỄN DOÃN PHƯỚC 
245 0 |a Nhận dạng hệ thống điều khiển 
245 0 |c NGUYỄN DOÃN PHƯỚC, Phan Xuân Minh 
260 |a H. 
260 |b KHKT 
260 |c 2001 
650 |a automatic control 
904 |i Minh 
980 |a Trung tâm Học liệu Trường Đại học Cần Thơ